000 00612nam a22002172 4500
001 0000019322
005 20151217152152.0
008 101026s xx 000 0 eng d
020 _a0809161587 :
040 _aKABU
_cKABU
245 1 0 _aGetting firm :
_bshaping and tonong.
250 _a1st ed.
260 _aAlexandria, Virginia :
_bTime-Life Books,
_c1987.
300 _a144 p.
650 0 _aPhysical fitness.
_@0000150226
650 0 _aExercise.
_@0000155833
650 0 _aNutrition.
_@0000155604
852 1 _9p500 KES
908 _a101026
950 _@1
999 _c8943
_d8943